|
|
|
|
| LEADER |
00000nam a22000007a 4500 |
| 005 |
20150408220850.0 |
| 007 |
cr|||| |||| |
| 008 |
150408s2015 mx |||||s|||| 00||0 spa d |
| 020 |
|
|
|a 978-607-440-755-6
|
| 035 |
|
|
|a 12660
|
| 040 |
|
|
|a vLex
|
| 090 |
|
|
|c 5397
|d 5397
|
| 100 |
1 |
|
|a Přez Chavez, Još
|
| 245 |
1 |
0 |
|a Estudio del impuesto sobre la renta
|h [Recurso electrn̤ico] :
|b Personas morales 2015 /
|c Jos ̌Přez Chavez, Raymundo Fol Olguin
|
| 256 |
|
|
|a Servicio en ln̕ea
|
| 260 |
|
|
|a Mx̌ico DF:
|b Tax Editores,
|c 2015
|
| 300 |
|
|
|a 1 recurso electrn̤ico
|
| 500 |
|
|
|a Entre los tributos ms̀ importantes del sistema fiscal mexicano se encuentra el Impuesto sobre la Renta (ISR), el cual, por lo general, grava la renta (utilidades) de las personas tanto fs̕icas como morales. Por est ̀razn̤, hemos elaborado la presente obra, denominada Estudio del Impuesto sobre la Renta. Personas morales. Su principal objetivo es presentar a los lectores un extenso anl̀isis de las disposiciones fiscales relacionadas con dicho gravamen mediante el marco ter̤ico de cada tema y la resolucin̤ de diversos casos prc̀ticos. El lector encontrar ̀en esta obra, entre otros, los siguientes temas relativos a las personas morales del rǧimen general de ley, del rǧimen de actividades agrc̕olas, ganaderas, silvc̕olas y pesqueras, as ̕como de los coordinados: 1. Determinacin̤ de los pagos provisionales y del impuesto del ejercicio. 2. Tratamiento de las přdidas fiscales. 3. Cl̀culo de la base gravable y del importe de la PTU. 4. Determinacin̤ de la parte deducible en el ISR correspondiente a los pagos a trabajadores que se encuentren exentos de este impuesto. 5. Cl̀culo de la deduccin̤ de inversiones y del costo de lo vendido. 6. Determinacin̤ del ajuste anual por inflacin̤ acumulable y deducible. 7. Tratamiento de las přdidas y utilidades cambiara̕s. 8. Cl̀culo de la cuenta de utilidad fiscal neta (Cufin) y de la cuenta de capital de aportacin̤ (Cuca). 9. Determinacin̤ de la retencin̤ del ISR por los pagos de salarios. 10. Eliminacin̤ de la consolidacin̤ fiscal. 11. Rǧimen de integracin̤ fiscal. Estamos seguros de que esta obra ser ̀de gran utilidad para las personas encargadas del cumplimiento de las obligaciones fiscales dentro de las empresas, profesionales del r̀ea fiscal, estudiantes de nuestra legislacin̤ fiscal y, en general, para toda aquella persona interesada en temas fiscales.
|
| 506 |
1 |
|
|a Disponible solo en los productos indicados
|d vLex Global
|d vLex Global (Academic Edition, excluding Law Schools)
|d vLex Global (U.S. Academic Edition, Law Schools)
|d vLex Global (U.S. Academic Edition, excluding Law Schools)
|d vLex Global (Academic Edition, Law Schools)
|
| 650 |
0 |
4 |
|a Derecho Fiscal
|z Mx̌ico
|
| 700 |
1 |
|
|a Fol Olguin, Raymundo
|
| 740 |
0 |
|
|a vLex Libros (Servicio en ln̕ea)
|
| 856 |
4 |
0 |
|u http://vlex.com/source/estudio-del-impuesto-sobre-la-renta-personas-morales-2015-12660
|z Acceso restringido
|
| 942 |
|
|
|c BOOK
|
| 999 |
0 |
|
|a Tax Law
|